Stowaways by sea (Record no. 12582)

000 -LEADER
fixed length control field 00324nam a22001337a 4500
008 - FIXED-LENGTH DATA ELEMENTS--GENERAL INFORMATION
fixed length control field 241205b 1991 ||||| |||| 00| 0 eng d
020 ## - INTERNATIONAL STANDARD BOOK NUMBER
International Standard Book Number 1870077091
082 ## - DEWEY DECIMAL CLASSIFICATION NUMBER
Classification number 364.1
Item number PAR
100 ## - MAIN ENTRY--PERSONAL NAME
Personal name Parritt, B A H
245 ## - TITLE STATEMENT
Title Stowaways by sea
260 ## - PUBLICATION, DISTRIBUTION, ETC. (IMPRINT)
Place of publication, distribution, etc London
Name of publisher, distributor, etc The Nautical Institute
Date of publication, distribution, etc 1991
300 ## - PHYSICAL DESCRIPTION
Extent 186p.
942 ## - ADDED ENTRY ELEMENTS (KOHA)
Item type Books
Holdings
Withdrawn status Lost status Source of classification or shelving scheme Damaged status Not for loan Collection code Permanent location Current location Shelving location Date acquired Full call number Barcode Date last seen Koha item type Public note
          Non-fiction IMU-MPC Library IMU-MPC Library General Stacks 2024-12-05 364.1 PAR LBS9861 2025-03-17 Books Column-2
Copyright © 2021 Indian Maritime University, Mumbai Port Campus. All Rights Reserved. Managed & Maintained by Central Library, IMU-Mumbai

webs counters

Powered by Koha